Интерпретация английского юмора в русской рецепции; Коммуникативные аспекты языка и культуры; Ч. 1
| Parent link: | Коммуникативные аспекты языка и культуры: сборник материалов XII Международной научно-практической конференции студентов и молодых ученых, г. Томск, 16-18 мая 2012 г./ Национальный исследовательский Томский политехнический университет (ТПУ), Институт международного образования и языковой коммуникации (ИМОЯК) ; под ред. С. А. Песоцкой.— , 2012 Ч. 1.— 2012.— [С. 96-98] |
|---|---|
| Glavni avtor: | |
| Korporativna značnica: | |
| Drugi avtorji: | |
| Izvleček: | Заглавие с титульного листа. Электронная версия печатной публикации. |
| Jezik: | ruščina |
| Izdano: |
2012
|
| Serija: | Внутрикультурная коммуникация в эпоху информационного общества: социально-философский и образовательный аспекты |
| Teme: | |
| Online dostop: | http://www.lib.tpu.ru/fulltext/c/2012/C77/V1/019.pdf |
| Format: | Elektronski Book Chapter |
| KOHA link: | https://koha.lib.tpu.ru/cgi-bin/koha/opac-detail.pl?biblionumber=607945 |
MARC
| LEADER | 00000naa2a2200000 4500 | ||
|---|---|---|---|
| 001 | 607945 | ||
| 005 | 20260316141155.0 | ||
| 035 | |a (RuTPU)RU\TPU\conf\5351 | ||
| 035 | |a RU\TPU\conf\5350 | ||
| 090 | |a 607945 | ||
| 100 | |a 20140906d2012 k y0rusy50 ca | ||
| 101 | 0 | |a rus | |
| 102 | |a RU | ||
| 135 | |a drcn ---uucaa | ||
| 181 | 0 | |a i | |
| 182 | 0 | |a b | |
| 200 | 1 | |a Интерпретация английского юмора в русской рецепции |f Е. А. Румянцева |g науч. рук. Н. В. Аксёнова | |
| 203 | |a Текст |c электронный | ||
| 215 | |a 1 файл (106 Кб) | ||
| 225 | 1 | |a Внутрикультурная коммуникация в эпоху информационного общества: социально-философский и образовательный аспекты | |
| 300 | |a Заглавие с титульного листа. | ||
| 300 | |a Электронная версия печатной публикации. | ||
| 320 | |a [Библиогр.: с. 97-98 (3 назв.)] | ||
| 337 | |a Adobe Reader | ||
| 461 | 1 | |0 (RuTPU)RU\TPU\conf\4597 |t Коммуникативные аспекты языка и культуры |o сборник материалов XII Международной научно-практической конференции студентов и молодых ученых, г. Томск, 16-18 мая 2012 г. |o в 3 ч. |f Национальный исследовательский Томский политехнический университет (ТПУ), Институт международного образования и языковой коммуникации (ИМОЯК) ; под ред. С. А. Песоцкой |d 2012 | |
| 463 | 0 | |0 (RuTPU)RU\TPU\conf\4599 |t Ч. 1 |v [С. 96-98] |d 2012 | |
| 610 | 1 | |a электронный ресурс | |
| 610 | 1 | |a труды учёных ТПУ | |
| 610 | 1 | |a интерпретация | |
| 610 | 1 | |a английский язык | |
| 610 | 1 | |a английский юмор | |
| 610 | 1 | |a рецепция | |
| 610 | 1 | |a русский язык | |
| 700 | 1 | |a Румянцева |b Е. А. | |
| 702 | 1 | |a Аксёнова |b Н. В. |c лингвист |c старший преподаватель Томского политехнического университета |f 1979- |g Наталия Валерьевна |4 727 | |
| 712 | 0 | 2 | |a Национальный исследовательский Томский политехнический университет (ТПУ) |b Институт кибернетики (ИК) |b Кафедра иностранных языков института кибернетики (ИЯИК) |3 (RuTPU)RU\TPU\col\18707 |
| 801 | 1 | |a RU |b 63413507 |c 20140902 | |
| 801 | 2 | |a RU |b 63413507 |c 20160122 |g RCR | |
| 856 | 4 | |u http://www.lib.tpu.ru/fulltext/c/2012/C77/V1/019.pdf | |
| 942 | |c BK | ||